000 01472nam0a2200373 4500
001 RU\NLR\BIBL_A\012093130
005 20191002114740.0
010 _a978-5-93898-682-4
_9700
021 _aRU
_bКН-П-19-059984
_9КН-П-19-4295
035 _a(NLR Aleph) 012093130
035 _a(RuMoRGB)010064827
090 _a11864855
_c11864855
100 _a20190913d2019 a y0rusy50 ca
101 0 _arus
102 _aRU
105 _aac||zzzz0|0ay
200 1 _aСемейное счастие
_aКрейцерова соната
_e[повести]
_fЛев Николаевич Толстой
_g32 иллюстрации Гастона Барре
210 _aСанкт-Петербург
_cВита Нова
_d2019
215 _a296, [3] с.
_cил., портр.
_d25
225 1 _aФамильная библиотека
_iБудуар
300 _aНа обл. авт. не указан
320 _aБиблиогр. в коммент.: с. 293 - 297
600 1 _aБарре
_bГ.
_f1910 - 1991
_gГастон
_92425319
_3RU\NLR\AUTH\6601662471
686 1 _aЩ153(4Фр)6-8Барре
686 2 _aШ6(2=Р)52-4
700 1 _7ca
_8rus
_aТолстой
_bЛ. Н.
_f1828-1910
_gЛев Николаевич
_9111537
_3RU\NLR\AUTH\771515
702 1 _aБарре
_bГ.
_gГастон
_4040
942 _cBOOK
980 _aNBR
980 _aNB